| 000 | 00869nam a2200253 i 4500 | ||
|---|---|---|---|
| 001 | bg | ||
| 003 | BPK | ||
| 005 | 20191214090758.0 | ||
| 008 | 040519s1975 pl a |000 0 pol | ||
| 015 | _aPB 1976/892 | ||
| 040 | _cBPK | ||
| 041 | 0 | _apol | |
| 080 | _a005 | ||
| 100 | 1 |
_aMartyniak, Zbigniew _d(1936-2002) _eAutor |
|
| 245 | 1 | 0 |
_aOrganizacja i zarządzanie : _b30 problemów teorii i praktyki / _cZbigniew Martyniak. |
| 260 |
_aWarszawa : _b"Książka i Wiedza", _c1975. |
||
| 300 |
_a171, [1] s. : _bil., tab., wykr. ; _c21 cm. |
||
| 504 | _aBibliogr. przy rozdz. | ||
| 650 | 4 | _aOrganizacja | |
| 650 | 4 | _aZarządzanie | |
| 710 | 2 |
_aSpółdzielnia Wydawniczo-Handlowa "Książka i Wiedza" _4pbl. |
|
| 856 |
_uhttp://koha.tu.koszalin.pl/cgi-bin/koha/opac-detail.pl?biblionumber=16670 _yKatalog online BPK |
||
| 942 |
_2UKD _cKS |
||
| 999 |
_c16670 _d16670 |
||